000
00323nam a2200157Ia 4500
100
_a
Mallick/Abhijit
650
_a
Chemistry
942
_c
BK
366
_f
20
245
_a
Chemistry for engineers
260
_b
Viva Books
_c
2012
082
_a
540
_b
MAL
300
_a
780
546
_a
ENGLISH
_c
Computers
999
_c
24768
_d
24768